000
00297nam a2200097Ia 4500
082
_a
745.92 MILL
245
0
_a
Silk flower arranging : easy, elegant displays
100
_a
MILLER, Marcianne New York, 2003 1st ed
_9
96608
942
_c
BK
008
210817s9999 xx 000 0 und d
999
_c
406552
_d
406551